Islamic response to contemporary challenges / (Record no. 11422)

MARC details
000 -LEADER
fixed length control field 00677 a2200205 4500
010 ## - LIBRARY OF CONGRESS CONTROL NUMBER
LC control number ENG-89818
020 ## - INTERNATIONAL STANDARD BOOK NUMBER
International Standard Book Number 9788175413979
Terms of availability 550.00
035 ## - SYSTEM CONTROL NUMBER
System control number EN-73351
037 ## - SOURCE OF ACQUISITION
Source of stock number/acquisition DBAD / PUB
082 14 - DEWEY DECIMAL CLASSIFICATION NUMBER
Classification number 305.6970954
090 ## - LOCALLY ASSIGNED LC-TYPE CALL NUMBER (OCLC); LOCAL CALL NUMBER (OCLC)
-- 11760
-- 11760
100 1# - MAIN ENTRY--PERSONAL NAME
Personal name Wasey, Akhtarul
245 1# - TITLE STATEMENT
Title Islamic response to contemporary challenges /
Statement of responsibility, etc by Akhtarul Wasey
260 ## - PUBLICATION, DISTRIBUTION, ETC. (IMPRINT)
Place of publication, distribution, etc Delhi
Name of publisher, distributor, etc Shipra Publications
Date of publication, distribution, etc 2008
270 ## - ADDRESS
Address 115-A, Vikas Marg, Shakarpur
City Delhi
Postal code 110 092
300 ## - PHYSICAL DESCRIPTION
Extent 200p.
Dimensions 22 cm (Hb )
500 ## - GENERAL NOTE
General note Includes index
942 ## - ADDED ENTRY ELEMENTS (KOHA)
Institution code [OBSOLETE] dpl
Koha item type English Books
Call number prefix 305.6970954 / WAS
Holdings
Withdrawn status Lost status Source of classification or shelving scheme Damaged status Not for loan Collection code Home library Current library Source of acquisition Cost, normal purchase price Total Checkouts Full call number Barcode Date last seen Copy number Uniform Resource Identifier Cost, replacement price Price effective from Koha item type
    Dewey Decimal Classification   Not For Loan Non-fiction D.B.Act.Division D.B.Act.Division DBAD/PUB 550.00   305.6970954 WAS EN-73351 15/09/2008 1 12534 550.00 15/09/2008 English Books

© Delhi Public Library
Hit Counter
free hit counter